[Event "Oebro mod kvindelandsholdet 2020"]
[Site "Copenhagen"]
[Date "2020.06.22"]
[Round "1.1"]
[White "Nilssen, Ellen Fredericia"]
[Black "Philipsen, William Horup"]
[Result "0-1"]
[WhiteElo "2071"]
[BlackElo "1991"]
[PlyCount "58"]
[EventDate "2020.06.??"]
[EventType "team"]
[EventRounds "8"]
[EventCountry "DEN"]

1. d4 d5 2. c4 e5 3. dxe5 d4 4. Nf3 Nc6 5. a3 f6 6. exf6 Qxf6 7. b4 Bf5 8. Bb2
O-O-O 9. g3 Qe6 10. Bg2 d3 11. e3 Qxc4 12. O-O Nf6 13. Nbd2 Qb5 14. Nb3 Bg4 15.
h3 Bh5 16. g4 Nxg4 17. hxg4 Bxg4 18. Qd2 Qh5 19. Nh2 Be2 20. Na5 Nxa5 21. bxa5
Bd6 22. f4 Rhe8 23. Rfc1 g5 24. Bd4 gxf4 25. exf4 Rg8 26. Qe3 Rxg2+ 27. Kxg2
Rg8+ 28. Kh1 Qd5+ 29. Nf3 Bxf3+ 0-1

[Event "Oebro mod kvindelandsholdet 2020"]
[Site "Copenhagen"]
[Date "2020.06.22"]
[Round "1.2"]
[White "Kakulidis, Ellen"]
[Black "Jepsen, Thomas Tange"]
[Result "0-1"]
[WhiteElo "2041"]
[BlackElo "2116"]
[PlyCount "102"]
[EventDate "2020.06.??"]
[EventType "team"]
[EventRounds "8"]
[EventCountry "DEN"]

1. d4 d5 2. c4 c6 3. Nf3 Nf6 4. g3 Bf5 5. Nc3 e6 6. Nh4 Bg4 7. h3 Bh5 8. g4 Ne4
9. Nxe4 dxe4 10. Ng2 Bg6 11. Nf4 Qf6 12. Bg2 Bd6 13. Nxg6 Qxg6 14. Qb3 b6 15.
c5 Bc7 16. g5 O-O 17. h4 h5 18. Bd2 Nd7 19. Qa4 e5 20. O-O exd4 21. Qxd4 Nxc5
22. b4 Rad8 23. Qe3 Qd6 24. Rfd1 Ne6 25. Qxe4 Qh2+ 26. Kf1 Rd4 27. Qf3 Qxh4 28.
Be3 Rxb4 29. Qxc6 Rc4 30. Qb5 Rg4 31. f3 Rb4 32. Qf5 g6 33. Qh3 Qxh3 34. Bxh3
Bf4 35. Bd2 Bxd2 36. Rxd2 Nxg5 37. Kg2 Nxh3 38. Kxh3 Re8 39. Rc1 Re7 40. e4 Ra4
41. Rc3 Kg7 42. a3 f6 43. Rd6 g5 44. Kg3 g4 45. fxg4 hxg4 46. Kxg4 Rexe4+ 47.
Kf3 Kg6 48. Rc7 Rec4 49. Re7 Rxa3+ 50. Ke2 Rc2+ 51. Kd1 Rh2 0-1

[Event "Oebro mod kvindelandsholdet 2020"]
[Site "Copenhagen"]
[Date "2020.06.22"]
[Round "1.3"]
[White "Fredericia, Louise Winther"]
[Black "Ayzenberg, Alena"]
[Result "0-1"]
[WhiteElo "2005"]
[BlackElo "1967"]
[PlyCount "56"]
[EventDate "2020.06.??"]
[EventType "team"]
[EventRounds "8"]
[EventCountry "DEN"]

1. c4 Nf6 2. g3 e5 3. Nc3 c6 4. Bg2 d5 5. d4 dxc4 6. dxe5 Qxd1+ 7. Nxd1 Bb4+ 8.
Nc3 Ng4 9. Nf3 Nd7 10. Bf4 f6 11. exf6 Ngxf6 12. O-O Nb6 13. Rfd1 Nbd5 14. Nxd5
Nxd5 15. a3 Be7 16. Rac1 c3 17. b4 a5 18. Bg5 axb4 19. Bxe7 b3 20. Bb4 c2 21.
Re1 Nxb4 22. axb4 Bf5 23. e4 Bg4 24. Nd4 b2 25. f3 Bh5 26. Rxc2 Ra1 27. Rxb2
Rxe1+ 28. Kf2 Rd1 0-1

[Event "Oebro mod kvindelandsholdet 2020"]
[Site "Copenhagen"]
[Date "2020.06.22"]
[Round "1.4"]
[White "Vangsgaard, Freja"]
[Black "Ertbjerg, Andreas Lund"]
[Result "1/2-1/2"]
[WhiteElo "1954"]
[BlackElo "2046"]
[PlyCount "92"]
[EventDate "2020.06.??"]
[EventType "team"]
[EventRounds "8"]
[EventCountry "DEN"]

1. d4 Nf6 2. c4 d6 3. Nc3 g6 4. e4 Bg7 5. f3 O-O 6. Be3 c5 7. Qd2 Nc6 8. d5 Ne5
9. Be2 e6 10. Nh3 exd5 11. cxd5 Bxh3 12. gxh3 a6 13. a4 Qa5 14. O-O Rfe8 15.
Kg2 Qb4 16. a5 b5 17. axb6 Qxb6 18. b4 Ned7 19. bxc5 Nxc5 20. Na4 Nfxe4 21.
fxe4 Nxe4 22. Nxb6 Nxd2 23. Nxa8 Rxe3 24. Rxa6 Rxe2+ 25. Rf2 Rxf2+ 26. Kxf2
Ne4+ 27. Kf3 f5 28. Ra7 Be5 29. Kg2 Nd2 30. Ra2 Ne4 31. Nb6 Nf6 32. Ra5 Bd4 33.
Nc4 Bc5 34. Ra6 Nxd5 35. Nxd6 Bxd6 36. Rxd6 Nc3 37. Rd7 Ne4 38. h4 Nf6 39. Ra7
Ng4 40. Kg3 Nf6 41. Kf4 Ng4 42. h3 Nf2 43. Kg5 Ne4+ 44. Kf4 Nf2 45. Ra2 Ne4 46.
Ra7 Nf2 1/2-1/2

[Event "Oebro mod kvindelandsholdet 2020"]
[Site "Copenhagen"]
[Date "2020.06.23"]
[Round "2.1"]
[White "Jepsen, Thomas Tange"]
[Black "Nilssen, Ellen Fredericia"]
[Result "1/2-1/2"]
[WhiteElo "2116"]
[BlackElo "2071"]
[PlyCount "44"]
[EventDate "2020.06.??"]
[EventType "team"]
[EventRounds "8"]
[EventCountry "DEN"]

1. d4 d5 2. c4 e6 3. Nc3 a6 4. cxd5 exd5 5. Nf3 Nf6 6. Bg5 Be6 7. e3 Nbd7 8.
Be2 Bd6 9. O-O O-O 10. Rc1 h6 11. Bh4 Qb8 12. Bg3 c6 13. a4 Bxg3 14. hxg3 a5
15. Bd3 Qd6 16. Qb3 Ne4 17. Ne2 Rab8 18. Nf4 Bf5 19. Bxe4 Bxe4 20. Qc3 Ra8 21.
Nd2 Bf5 22. Nd3 Bxd3 1/2-1/2

[Event "Oebro mod kvindelandsholdet 2020"]
[Site "Copenhagen"]
[Date "2020.06.23"]
[Round "2.2"]
[White "Ayzenberg, Alena"]
[Black "Kakulidis, Ellen"]
[Result "1-0"]
[WhiteElo "1967"]
[BlackElo "2041"]
[PlyCount "133"]
[EventDate "2020.06.??"]
[EventType "team"]
[EventRounds "8"]
[EventCountry "DEN"]

1. d4 d5 2. c4 e6 3. Nf3 Nf6 4. g3 Be7 5. Bg2 O-O 6. O-O c6 7. Qc2 b6 8. Nbd2
Bb7 9. e4 Na6 10. e5 Nd7 11. cxd5 Nb4 12. Qb3 cxd5 13. a3 Nc6 14. Re1 Rc8 15.
Qd3 a5 16. h4 Ndb8 17. Bh3 Ba6 18. Qe3 a4 19. Qf4 Na5 20. Qg4 Bd3 21. Bf1 Bxf1
22. Nxf1 Re8 23. Bh6 Bf8 24. h5 f5 25. exf6 Qxf6 26. Bg5 Qf5 27. Qxf5 exf5 28.
Rxe8 Rxe8 29. Ne3 Nd7 30. Kf1 Nc4 31. Nxd5 Nxb2 32. Ne3 h6 33. Bh4 f4 34. gxf4
Re4 35. Bg3 Nf6 36. Ra2 Nd3 37. f5 Nxh5 38. Bc7 b5 39. d5 Nf6 40. d6 Nc5 41.
Rb2 Nb3 42. Nd2 Nxd2+ 43. Rxd2 Nd7 44. Nd5 Kf7 45. Rb2 Re5 46. Nc3 Rxf5 47.
Nxb5 Rd5 48. Ke2 Ke6 49. Rb4 Nc5 50. Rf4 Re5+ 51. Kf3 Nd7 52. Nd4+ Kd5 53. Rf7
Kxd4 54. Rxd7 Rf5+ 55. Kg2 Rf6 56. Rd8 Kc5 57. Rxf8 Rxf8 58. d7 Kd5 59. d8=Q+
Rxd8 60. Bxd8 g5 61. Kh3 Ke6 62. Kg4 Kf7 63. Kh5 Kg7 64. Bb6 Kf6 65. Kxh6 Kf5
66. Kh5 g4 67. Bc7 1-0

[Event "Oebro mod kvindelandsholdet 2020"]
[Site "Copenhagen"]
[Date "2020.06.23"]
[Round "2.3"]
[White "Ertbjerg, Andreas Lund"]
[Black "Fredericia, Louise Winther"]
[Result "0-1"]
[WhiteElo "2046"]
[BlackElo "2005"]
[PlyCount "86"]
[EventDate "2020.06.??"]
[EventType "team"]
[EventRounds "8"]
[EventCountry "DEN"]

1. e4 Nf6 2. e5 Nd5 3. c4 Nb6 4. d4 d6 5. exd6 cxd6 6. Nc3 g6 7. Be3 Bg7 8. Rc1
Nc6 9. b3 O-O 10. d5 Ne5 11. Be2 f5 12. f4 Ned7 13. Nf3 e5 14. dxe6 Nf6 15. Ng5
h6 16. Nf7 Qe8 17. Qxd6 Bxe6 18. Ne5 Rd8 19. Qa3 Nfd7 20. O-O Nxe5 21. fxe5
Bxe5 22. Qxa7 Nc8 23. Qxb7 f4 24. Bf2 Nd6 25. Qb4 g5 26. Bf3 g4 27. Bd5 Bxd5
28. Nxd5 g3 29. Bc5 Qh5 30. h3 f3 31. Bxd6 Bd4+ 32. Kh1 fxg2+ 33. Kxg2 Qe2+ 34.
Kxg3 Rxf1 35. Rxf1 Qxf1 36. Bf4 Bf2+ 37. Kg4 Qg2+ 38. Kf5 Qxh3+ 39. Kg6 Qe6+
40. Nf6+ Kh8 41. Be5 Rg8+ 42. Kxh6 Be3+ 43. Kh5 Qh3# 0-1

[Event "Oebro mod kvindelandsholdet 2020"]
[Site "Copenhagen"]
[Date "2020.06.23"]
[Round "2.4"]
[White "Philipsen, William Horup"]
[Black "Vangsgaard, Freja"]
[Result "1-0"]
[WhiteElo "1991"]
[BlackElo "1954"]
[PlyCount "139"]
[EventDate "2020.06.??"]
[EventType "team"]
[EventRounds "8"]
[EventCountry "DEN"]

1. e4 c6 2. d4 d5 3. f3 dxe4 4. fxe4 e5 5. Nf3 Bg4 6. Bc4 Bd6 7. dxe5 Bb4+ 8.
Bd2 Bxd2+ 9. Nbxd2 Nd7 10. O-O Nxe5 11. Qe2 Nf6 12. Rad1 O-O 13. Kh1 Qe7 14.
Bd3 Rad8 15. Qe3 b5 16. Be2 Nxf3 17. gxf3 Nd5 18. Qf2 Bh3 19. exd5 Bxf1 20.
Nxf1 Rxd5 21. Rxd5 cxd5 22. Bxb5 Qb4 23. a4 d4 24. b3 Qd6 25. Ng3 a6 26. Nf5
Qf6 27. Bd3 Rd8 28. Qh4 g5 29. Qh6 Qxh6 30. Nxh6+ Kg7 31. Nf5+ Kf6 32. Ng3 a5
33. Bxh7 Ke5 34. Kg2 Kf4 35. h3 Re8 36. Be4 Rc8 37. Kf2 Rh8 38. Bf5 Re8 39. Bg4
f6 40. Nf5 Rd8 41. Ke2 Ke5 42. Kd3 Rd5 43. Kc4 Rd8 44. Ne7 Kd6 45. Nc8+ Ke5 46.
Na7 Rd6 47. Kc5 Rd5+ 48. Kc6 Rd6+ 49. Kc7 Kd5 50. Bf5 Kc5 51. Be4 Re6 52. Nb5
Re7+ 53. Kd8 Re5 54. Na3 f5 55. Nc4 fxe4 56. Nxe5 Kd5 57. Nc4 exf3 58. Nd2 f2
59. Kc7 Ke5 60. Kc6 Kf4 61. Kd5 Ke3 62. Nf1+ Ke2 63. Nh2 f1=Q 64. Nxf1 Kxf1 65.
Ke4 Kf2 66. b4 Kg3 67. bxa5 Kxh3 68. a6 g4 69. a7 g3 70. a8=Q 0-1

[Event "Oebro mod kvindelandsholdet 2020"]
[Site "Copenhagen"]
[Date "2020.06.24"]
[Round "3.1"]
[White "Nilssen, Ellen Fredericia"]
[Black "Ayzenberg, Alena"]
[Result "1-0"]
[WhiteElo "2071"]
[BlackElo "1967"]
[PlyCount "71"]
[EventDate "2020.06.??"]
[EventType "team"]
[EventRounds "8"]
[EventCountry "DEN"]

1. d4 Nf6 2. c4 e6 3. Nf3 b6 4. a3 Ba6 5. e3 d5 6. Ne5 dxc4 7. Nxc4 Be7 8. Be2
Bb7 9. O-O O-O 10. Nc3 Nbd7 11. b4 c5 12. dxc5 bxc5 13. Na5 Bd5 14. Nxd5 Nxd5
15. Nc6 Qc7 16. Nxe7+ Nxe7 17. Bb2 Rab8 18. Rc1 Rfd8 19. Qc2 Qb6 20. Qc3 f6 21.
b5 Nd5 22. Qc2 a6 23. a4 Rdc8 24. Rfd1 f5 25. Bc4 axb5 26. axb5 N7f6 27. Bxf6
Nxf6 28. Qxf5 Re8 29. Ra1 Re7 30. Ra6 Qxb5 31. Rxe6 Qxc4 32. Rxe7 Qb3 33. Rf1
c4 34. Qg5 Ne8 35. Qd5+ Kh8 36. Qf7 1-0

[Event "Oebro mod kvindelandsholdet 2020"]
[Site "Copenhagen"]
[Date "2020.06.24"]
[Round "3.2"]
[White "Kakulidis, Ellen"]
[Black "Ertbjerg, Andreas Lund"]
[Result "1-0"]
[WhiteElo "2041"]
[BlackElo "2046"]
[PlyCount "81"]
[EventDate "2020.06.??"]
[EventType "team"]
[EventRounds "8"]
[EventCountry "DEN"]

1. d4 Nf6 2. c4 d6 3. Nc3 g6 4. e4 Bg7 5. Nf3 O-O 6. Be2 e5 7. d5 Nbd7 8. Bg5
h6 9. Bh4 a6 10. Nd2 Qe8 11. O-O Kh8 12. Rc1 b6 13. b4 a5 14. a3 axb4 15. axb4
Bb7 16. Nb5 Qb8 17. Bxf6 Bxf6 18. Bg4 Rd8 19. f4 Bg7 20. f5 Nf6 21. fxg6 fxg6
22. Be6 Rf8 23. Qb3 Kh7 24. Qh3 Ra2 25. Qd3 Nh5 26. g3 Bf6 27. Nf3 Ng7 28. Bh3
Be7 29. Ra1 Ra6 30. Ra3 Rxa3 31. Qxa3 c6 32. dxc6 Bxc6 33. Nc3 Qb7 34. Nd5 Ra8
35. Qb2 b5 36. c5 Bxd5 37. exd5 Qxd5 38. Bg2 Ra2 39. Qc3 dxc5 40. Ng5+ Bxg5 41.
Bxd5 1-0

[Event "Oebro mod kvindelandsholdet 2020"]
[Site "Copenhagen"]
[Date "2020.06.24"]
[Round "3.3"]
[White "Fredericia, Louise Winther"]
[Black "Philipsen, William Horup"]
[Result "0-1"]
[WhiteElo "2005"]
[BlackElo "1991"]
[PlyCount "50"]
[EventDate "2020.06.??"]
[EventType "team"]
[EventRounds "8"]
[EventCountry "DEN"]

1. c4 e5 2. g3 d5 3. cxd5 c6 4. Bg2 Bc5 5. Nc3 Nf6 6. e3 O-O 7. Nge2 cxd5 8. d4
exd4 9. exd4 Bb6 10. Bg5 Be6 11. O-O Nc6 12. Qd2 h6 13. Bxf6 Qxf6 14. Rfd1 Rad8
15. a3 Bg4 16. Nxd5 Rxd5 17. Bxd5 Rd8 18. Nc3 Nxd4 19. Qf4 Bf5 20. Re1 Nc2 21.
Re5 Bxf2+ 22. Kxf2 Qb6+ 23. Re3 Nxe3 24. Qxe3 Qxb2+ 25. Kf3 Qxa1 0-1

[Event "Oebro mod kvindelandsholdet 2020"]
[Site "Copenhagen"]
[Date "2020.06.24"]
[Round "3.4"]
[White "Vangsgaard, Freja"]
[Black "Jepsen, Thomas Tange"]
[Result "1-0"]
[WhiteElo "1954"]
[BlackElo "2116"]
[PlyCount "65"]
[EventDate "2020.06.??"]
[EventType "team"]
[EventRounds "8"]
[EventCountry "DEN"]

1. d4 d5 2. c4 c6 3. Nf3 Nf6 4. e3 a6 5. a4 Bf5 6. Nc3 e6 7. Nh4 Bg6 8. Be2
Nbd7 9. O-O Bd6 10. g3 O-O 11. Nxg6 hxg6 12. b3 e5 13. Ba3 Bxa3 14. Rxa3 Qe7
15. Ra2 Qb4 16. Qd2 Rad8 17. Nxd5 Nxd5 18. cxd5 Qxb3 19. dxc6 bxc6 20. Qc2 Qxc2
21. Rxc2 exd4 22. exd4 Nb8 23. Rd1 Rd6 24. Bf3 Rfd8 25. Rc4 a5 26. Kf1 Rf6 27.
Bg2 Kf8 28. Rc5 Rf5 29. d5 cxd5 30. Rxa5 d4 31. Ra8 Ke7 32. Re1+ Kd6 33. Rb1
1-0

[Event "Oebro mod kvindelandsholdet 2020"]
[Site "Copenhagen"]
[Date "2020.06.25"]
[Round "4.1"]
[White "Ertbjerg, Andreas Lund"]
[Black "Nilssen, Ellen Fredericia"]
[Result "0-1"]
[WhiteElo "2046"]
[BlackElo "2071"]
[PlyCount "84"]
[EventDate "2020.06.??"]
[EventType "team"]
[EventRounds "8"]
[EventCountry "DEN"]

1. e4 e6 2. d3 d5 3. Nd2 Nf6 4. g3 c5 5. Bg2 Nc6 6. Ngf3 Be7 7. O-O b6 8. Re1
Bb7 9. c3 Qc7 10. Nf1 O-O-O 11. Qe2 Ba6 12. Bf4 Qd7 13. e5 Ne8 14. c4 Nc7 15.
a3 h6 16. Bd2 dxc4 17. dxc4 Qd3 18. Qd1 Bxc4 19. Ne3 Bb3 20. Qc1 Nd4 21. Nxd4
Qxd4 22. Bc3 Qa4 23. Nf1 Bd5 24. Bxd5 Rxd5 25. b4 Rhd8 26. Qf4 Qe8 27. bxc5
Rxc5 28. Bb4 Nd5 29. Qe4 Rc7 30. Rec1 Qd7 31. Ne3 Kb8 32. Rd1 Bc5 33. Nc4 Qc6
34. Nd6 Nxb4 35. axb4 Bxd6 36. Qxc6 Rxc6 37. b5 Rc5 38. exd6 Rxb5 39. Rac1 Rd7
40. Rc7 Rxc7 41. d7 Rxd7 42. Rxd7 a5 0-1

[Event "Oebro mod kvindelandsholdet 2020"]
[Site "Copenhagen"]
[Date "2020.06.25"]
[Round "4.2"]
[White "Philipsen, William Horup"]
[Black "Kakulidis, Ellen"]
[Result "0-1"]
[WhiteElo "1991"]
[BlackElo "2041"]
[PlyCount "120"]
[EventDate "2020.06.??"]
[EventType "team"]
[EventRounds "8"]
[EventCountry "DEN"]

1. e4 e5 2. d4 exd4 3. c3 Ne7 4. Bc4 d5 5. exd5 Nxd5 6. Qxd4 Be6 7. Nf3 Nc6 8.
Qe4 Be7 9. Nbd2 Nf6 10. Qh4 Bxc4 11. Nxc4 Qd3 12. Bg5 Qe4+ 13. Ne3 Qxh4 14.
Bxh4 Ne4 15. Bxe7 Nxe7 16. Rd1 Nd6 17. O-O O-O 18. Rfe1 Rad8 19. Kf1 h6 20. Nd4
c5 21. Nb3 b6 22. a4 Nef5 23. Nxf5 Nxf5 24. g4 Nd6 25. Re2 Nc4 26. Rde1 Rd7 27.
Re7 Rfd8 28. Re8+ Rxe8 29. Rxe8+ Kh7 30. Re2 Rd1+ 31. Kg2 Rb1 32. Re7 Rxb2 33.
Nc1 Rc2 34. Ne2 a6 35. Kf3 Ra2 36. Nf4 Rxa4 37. Nd5 Ra2 38. Rb7 a5 39. Kg3 Rd2
40. Rd7 Rd3+ 41. Kf4 Rf3+ 42. Ke4 Rxf2 43. h4 a4 44. Ra7 a3 45. Ne3 Nxe3 46.
Kxe3 Rg2 47. Kf3 Ra2 48. Ke4 Ra1 49. Kd5 a2 50. Kc6 c4 51. Ra4 b5 52. Ra5 b4
53. cxb4 c3 54. b5 c2 55. b6 c1=Q+ 56. Kb7 Qc3 57. Ra7 Rd1 58. Rxa2 Rd7+ 59.
Kb8 Qc6 60. Ra7 Rd8# 0-1

[Event "Oebro mod kvindelandsholdet 2020"]
[Site "Copenhagen"]
[Date "2020.06.25"]
[Round "4.3"]
[White "Jepsen, Thomas Tange"]
[Black "Fredericia, Louise Winther"]
[Result "0-1"]
[WhiteElo "2116"]
[BlackElo "2005"]
[PlyCount "40"]
[EventDate "2020.06.??"]
[EventType "team"]
[EventRounds "8"]
[EventCountry "DEN"]

1. d4 Nf6 2. c4 e5 3. dxe5 Ng4 4. e4 Nxe5 5. f4 Nec6 6. Be3 Bb4+ 7. Nc3 Bxc3+
8. bxc3 Qe7 9. Bd3 Qh4+ 10. g3 Qe7 11. Nf3 d6 12. O-O b6 13. Nd4 g6 14. Qd2 Bb7
15. Rae1 Nd7 16. Nxc6 Bxc6 17. Bd4 f6 18. e5 dxe5 19. fxe5 fxe5 20. Be3 O-O-O
0-1

[Event "Oebro mod kvindelandsholdet 2020"]
[Site "Copenhagen"]
[Date "2020.06.25"]
[Round "4.4"]
[White "Ayzenberg, Alena"]
[Black "Vangsgaard, Freja"]
[Result "1-0"]
[WhiteElo "1967"]
[BlackElo "1954"]
[PlyCount "74"]
[EventDate "2020.06.??"]
[EventType "team"]
[EventRounds "8"]
[EventCountry "DEN"]

1. d4 Nf6 2. c4 e6 3. Nf3 d5 4. g3 Be7 5. Bg2 O-O 6. O-O dxc4 7. Ne5 Nc6 8.
Nxc6 bxc6 9. Na3 Bxa3 10. bxa3 Rb8 11. Qa4 Rb6 12. Qxc4 Nd5 13. Rd1 Qf6 14. e4
Ba6 15. Qc2 Qg6 16. Bd2 Rfb8 17. Rab1 h5 18. Rxb6 cxb6 19. Qxc6 Nf6 20. Qa4 Be2
21. Qxa7 Rc8 22. Rc1 Rxc1+ 23. Bxc1 Bd3 24. Qxb6 Bxe4 25. Qb8+ Kh7 26. Qf4 Bb1
27. h3 Qd3 28. Qd2 Qf5 29. Qf4 Qd3 30. Kh2 Qe2 31. Qe3 Qc2 32. Bd2 Qxa2 33. Bc1
Qc2 34. Qf4 Qc4 35. Be3 Qb3 36. g4 hxg4 37. hxg4 Qd1 1-0

[Event "Oebro mod kvindelandsholdet 2020"]
[Site "Copenhagen"]
[Date "2020.06.26"]
[Round "5.1"]
[White "Philipsen, William Horup"]
[Black "Nilssen, Ellen Fredericia"]
[Result "0-1"]
[WhiteElo "1991"]
[BlackElo "2071"]
[PlyCount "58"]
[EventDate "2020.06.??"]
[EventType "team"]
[EventRounds "8"]
[EventCountry "DEN"]

1. e4 e6 2. d4 d5 3. e5 c5 4. Nf3 Nc6 5. c3 Bd7 6. Bd3 Rc8 7. O-O cxd4 8. Re1
dxc3 9. Nxc3 a6 10. Ng5 g6 11. Qf3 Qe7 12. Qf4 Nb4 13. Bb1 Rc4 14. Qf3 Bh6 15.
b3 Rc8 16. h4 f6 17. exf6 Qxf6 18. Qe2 Rxc3 19. Bb2 d4 20. Ne4 Qxh4 21. Nxc3
dxc3 22. Bxc3 Bf4 23. Qc4 Qh2+ 24. Kf1 Bb5 25. Bxg6+ hxg6 26. Rxe6+ Ne7 27.
Rae1 Bxc4+ 28. bxc4 Nbc6 29. Bf6 Rh7 0-1

[Event "Oebro mod kvindelandsholdet 2020"]
[Site "Copenhagen"]
[Date "2020.06.26"]
[Round "5.2"]
[White "Jepsen, Thomas Tange"]
[Black "Kakulidis, Ellen"]
[Result "1/2-1/2"]
[WhiteElo "2116"]
[BlackElo "2041"]
[PlyCount "49"]
[EventDate "2020.06.??"]
[EventType "team"]
[EventRounds "8"]
[EventCountry "DEN"]

1. d4 d5 2. c4 e6 3. Nc3 Be7 4. Nf3 Nf6 5. Bf4 O-O 6. e3 b6 7. Bd3 Bb7 8. O-O
c5 9. cxd5 Nxd5 10. Nxd5 Bxd5 11. Qe2 Nd7 12. dxc5 Nxc5 13. Bc4 Bxc4 14. Qxc4
Qd3 15. Rac1 Qxc4 16. Rxc4 Rfd8 17. b3 Nd3 18. Rc7 Nxf4 19. Rxe7 Kf8 20. Rb7
Ne2+ 21. Kh1 Rdb8 22. Rd7 Rd8 23. Rb7 Rdb8 24. Rd7 Rd8 25. Rb7 1/2-1/2

[Event "Oebro mod kvindelandsholdet 2020"]
[Site "Copenhagen"]
[Date "2020.06.26"]
[Round "5.3"]
[White "Ayzenberg, Alena"]
[Black "Fredericia, Louise Winther"]
[Result "1-0"]
[WhiteElo "1967"]
[BlackElo "2005"]
[PlyCount "55"]
[EventDate "2020.06.??"]
[EventType "team"]
[EventRounds "8"]
[EventCountry "DEN"]

1. d4 Nf6 2. c4 c5 3. d5 b5 4. cxb5 a6 5. e3 g6 6. Nc3 Bg7 7. e4 d6 8. a4 O-O
9. Nf3 Nbd7 10. Bd2 Re8 11. Bd3 Ng4 12. O-O Nge5 13. Nxe5 Nxe5 14. Be2 c4 15.
Be3 axb5 16. axb5 Rxa1 17. Qxa1 f5 18. Qa7 e6 19. b6 fxe4 20. b7 Bd7 21. Ra1
exd5 22. Bb6 Qb8 23. Qxb8 Rxb8 24. Ra8 Nc6 25. Bc7 Re8 26. Rxe8+ Bxe8 27. Nxd5
Bxb2 28. Ne7+ 1-0

[Event "Oebro mod kvindelandsholdet 2020"]
[Site "Copenhagen"]
[Date "2020.06.26"]
[Round "5.4"]
[White "Ertbjerg, Andreas Lund"]
[Black "Vangsgaard, Freja"]
[Result "1-0"]
[WhiteElo "2046"]
[BlackElo "1954"]
[PlyCount "87"]
[EventDate "2020.06.??"]
[EventType "team"]
[EventRounds "8"]
[EventCountry "DEN"]

1. e4 c6 2. d4 d5 3. e5 Bf5 4. h4 h5 5. Bd3 Bxd3 6. Qxd3 e6 7. Bg5 Qb6 8. Nd2
c5 9. c4 cxd4 10. cxd5 exd5 11. Ngf3 Be7 12. O-O Bxg5 13. Nxg5 Ne7 14. Rfe1
Nbc6 15. Nb3 Nd8 16. Nxd4 Ne6 17. Nb5 Nf4 18. Nd6+ Kd7 19. Qf3 Ne6 20. Ngxf7
Raf8 21. Qh3 Rxf7 22. Nxf7 Rf8 23. Qf3 Ke8 24. Nd6+ Kd7 25. Qe2 Ng6 26. Rad1 d4
27. Qb5+ Qc6 28. g3 a6 29. Qxc6+ bxc6 30. f4 Ne7 31. Rf1 g6 32. Rd3 Nf5 33.
Nxf5 gxf5 34. Rfd1 c5 35. b4 Kc6 36. Rc1 Kd5 37. bxc5 Nxc5 38. Ra3 d3 39. Ra5
Rc8 40. Rcxc5+ Rxc5 41. Rxc5+ Kxc5 42. Kf2 Kd4 43. Ke1 Kc3 44. Kd1 1-0

[Event "Oebro mod kvindelandsholdet 2020"]
[Site "Copenhagen"]
[Date "2020.06.27"]
[Round "6.1"]
[White "Nilssen, Ellen Fredericia"]
[Black "Jepsen, Thomas Tange"]
[Result "1-0"]
[WhiteElo "2071"]
[BlackElo "2116"]
[PlyCount "75"]
[EventDate "2020.06.??"]
[EventType "team"]
[EventRounds "8"]
[EventCountry "DEN"]

1. c4 Nf6 2. d4 c6 3. Nf3 d5 4. g3 Bf5 5. Nc3 e6 6. Nh4 Be4 7. f3 Bg6 8. Qb3
Qb6 9. Nxg6 hxg6 10. c5 Qxb3 11. axb3 Nbd7 12. b4 Be7 13. b5 O-O 14. e3 cxb5
15. Bxb5 a6 16. Ba4 Rfc8 17. Bd2 b6 18. b4 a5 19. c6 Bxb4 20. cxd7 Rxc3 21. Ke2
Rc4 22. Bxb4 Rxb4 23. Rhc1 Rc4 24. Bb5 Rb8 25. Bxc4 dxc4 26. Rxc4 Nxd7 27. Rc7
Nf6 28. e4 Kf8 29. Ra7 Rc8 30. Kd3 Ke8 31. h4 Nd7 32. g4 e5 33. h5 gxh5 34. Rh1
hxg4 35. Rh8+ Nf8 36. d5 gxf3 37. d6 Rd8 38. Re7# 1-0

[Event "Oebro mod kvindelandsholdet 2020"]
[Site "Copenhagen"]
[Date "2020.06.27"]
[Round "6.2"]
[White "Kakulidis, Ellen"]
[Black "Ayzenberg, Alena"]
[Result "1-0"]
[WhiteElo "2041"]
[BlackElo "1967"]
[PlyCount "109"]
[EventDate "2020.06.??"]
[EventType "team"]
[EventRounds "8"]
[EventCountry "DEN"]

1. d4 Nf6 2. c4 e6 3. g3 Bb4+ 4. Bd2 Qe7 5. Bg2 Nc6 6. e3 Bxd2+ 7. Nxd2 d6 8.
Ne2 O-O 9. O-O a5 10. Nc3 e5 11. dxe5 Nxe5 12. Qc2 c6 13. Na4 Be6 14. c5 Nd5
15. cxd6 Qxd6 16. Ne4 Qe7 17. Qc5 Rfe8 18. h3 Qd7 19. Ng5 b5 20. Nxe6 fxe6 21.
Nb6 Qa7 22. Qd4 Ng6 23. Nxa8 Qxa8 24. Rac1 Kh8 25. Qc5 Ne5 26. Qd4 Nc4 27. b3
e5 28. Qd1 Ncb6 29. Qc2 Rc8 30. Qf5 Qb8 31. Be4 g6 32. Qe6 Qc7 33. Rfd1 Ne7 34.
Rd6 a4 35. Qxe5+ Kg8 36. Qe6+ Kh8 37. Qe5+ Kg8 38. Re6 Qxe5 39. Rxe5 Kf8 40.
Rec5 Nd7 41. R5c2 axb3 42. axb3 c5 43. Bd3 Rb8 44. Be2 Nd5 45. Rd2 N5f6 46. Bf3
Ke7 47. Kg2 Rc8 48. Be2 Ne4 49. Rxd7+ Kxd7 50. Bg4+ Kd8 51. Bxc8 Kxc8 52. f3
Nd6 53. Rxc5+ Kb7 54. e4 Kb6 55. Rd5 1-0

[Event "Oebro mod kvindelandsholdet 2020"]
[Site "Copenhagen"]
[Date "2020.06.27"]
[Round "6.3"]
[White "Fredericia, Louise Winther"]
[Black "Ertbjerg, Andreas Lund"]
[Result "1/2-1/2"]
[WhiteElo "2005"]
[BlackElo "2046"]
[PlyCount "94"]
[EventDate "2020.06.??"]
[EventType "team"]
[EventRounds "8"]
[EventCountry "DEN"]

1. c4 Nf6 2. Nc3 g6 3. e4 d6 4. g3 Bg7 5. Bg2 O-O 6. Nge2 c5 7. O-O Nc6 8. d3
Bd7 9. Rb1 Rb8 10. a3 a6 11. b4 cxb4 12. axb4 b5 13. cxb5 axb5 14. h3 Ne8 15.
Be3 Qc8 16. Nd5 e6 17. Ndf4 Nc7 18. Qd2 e5 19. Nd5 Nxd5 20. exd5 Ne7 21. Rfc1
Qb7 22. d4 Nf5 23. dxe5 Nxe3 24. Qxe3 Bxe5 25. Nd4 Rfe8 26. Nc6 Bg7 27. Qf4 Be5
28. Nxe5 Rxe5 29. Rb3 Rbe8 30. Rbc3 Qb6 31. g4 Re1+ 32. Rxe1 Rxe1+ 33. Kh2 Re2
34. Kg3 Kg7 35. h4 Re5 36. Rf3 f5 37. h5 Re4 38. h6+ Kg8 39. Qd2 Rxg4+ 40. Kh2
Qd4 41. Qc1 Qe5+ 42. Rg3 f4 43. Rxg4 Bxg4 44. f3 Bd7 45. Qc7 Qe7 46. Bh3 Qe2+
47. Bg2 Qe7 1/2-1/2

[Event "Oebro mod kvindelandsholdet 2020"]
[Site "Copenhagen"]
[Date "2020.06.27"]
[Round "6.4"]
[White "Vangsgaard, Freja"]
[Black "Philipsen, William Horup"]
[Result "1-0"]
[WhiteElo "1954"]
[BlackElo "1991"]
[PlyCount "81"]
[EventDate "2020.06.??"]
[EventType "team"]
[EventRounds "8"]
[EventCountry "DEN"]

1. d4 d5 2. c4 e5 3. dxe5 d4 4. Nf3 Nc6 5. g3 f6 6. exf6 Nxf6 7. Bg2 Bb4+ 8.
Nbd2 O-O 9. O-O Qe8 10. a3 Bxd2 11. Bxd2 Qh5 12. b4 Bh3 13. b5 Ng4 14. bxc6
Bxg2 15. Kxg2 Rxf3 16. h3 Nxf2 17. Rxf2 Rxf2+ 18. Kxf2 Qxh3 19. Qh1 Rf8+ 20.
Bf4 Qxh1 21. Rxh1 g5 22. cxb7 gxf4 23. Rb1 fxg3+ 24. Kxg3 Rb8 25. c5 Kf7 26.
Kf4 Ke6 27. Ke4 c6 28. Rh1 d3 29. exd3 Rxb7 30. Rh6+ Kd7 31. Rxh7+ Kc8 32. Rxb7
Kxb7 33. Ke5 Ka6 34. Kd6 Kb5 35. a4+ Kxa4 36. Kxc6 a5 37. Kd5 Kb3 38. c6 a4 39.
c7 a3 40. c8=Q a2 41. Qc1 1-0